| 000 | 00409nam a2200181Ia 4500 | ||
|---|---|---|---|
| 005 | 20250603144618.0 | ||
| 008 | 250603s9999 xx 000 0 und d | ||
| 020 | _a978-978-55578-3-1 | ||
| 050 | _aKP 127 .W6/ | ||
| 100 | _aWorugji,eme .n Isreal | ||
| 245 | 0 | _aBusiness Law of Nigeria | |
| 260 | _aLagos | ||
| 260 | _bMalthouse | ||
| 260 | _c2017 | ||
| 300 | _a294 p | ||
| 650 | _aLagos | ||
| 942 | _cBK | ||
| 999 |
_c39435 _d39435 |
||